Glosario ISO/QMS , [normas ISO]

Este glosario hace referencia a las normas ISO, conteniendo la terminologa̕ esencial al momento de entender su vocabulario propio. Cuenta con un apartado de siglas que relaciona algunas normas ISO de gran importancia, junto con sus temt̀icas.

Salvato in:
Dettagli Bibliografici
Altri autori: RH Andersen Consultants
Natura: Libro
Lingua:spagnolo
Soggetti:
Accesso online:Glosario ISO/QMS , [normas ISO]
Tags: Aggiungi Tag
Nessun Tag, puoi essere il primo ad aggiungerne!!

MARC

LEADER 00000nam a22000004a 4500
001 vpro4396
005 20201223000000.0
008 121213s2009 ck # g## #001 0#spa#d
020
022
040 |a CO-BoINGC 
041 0 |a spa 
245 1 0 |a Glosario ISO/QMS , [normas ISO] 
246 |a ISO/QMS Glossary : ​​[ISO standards] 
264 |a Bogot ̀(Colombia) :  |b Revista VirtualPRO,  |c 2009 
520 3 |a Este glosario hace referencia a las normas ISO, conteniendo la terminologa̕ esencial al momento de entender su vocabulario propio. Cuenta con un apartado de siglas que relaciona algunas normas ISO de gran importancia, junto con sus temt̀icas. 
650 \ \ |a Control de procesos industriales 
650 \ \ |a Aseguramiento de la calidad 
650 \ \ |a Control de calidad 
650 \ \ |a Industrial process control 
650 \ \ |a Quality assurance 
650 \ \ |a Quality control 
650 \ \ |a Estǹdares de calidad 
650 \ \ |a Auditora̕ de la gestin̤ de calidad 
650 \ \ |a Quality standards 
650 \ \ |a Quality management audit  
700 \ \ |a RH Andersen Consultants 
856 |z Glosario ISO/QMS , [normas ISO]  |u https://virtualpro.unach.elogim.com/biblioteca/glosario-iso-qms-normas-iso-